| 000 | 00562nam a2200217Ia 4500 | ||
|---|---|---|---|
| 005 | 20251121201137.0 | ||
| 008 | 230125s9999 xx 000 0 und d | ||
| 020 | _a9788172246143 | ||
| 041 | _aeng | ||
| 082 |
_a158.1 _bSHA |
||
| 100 |
_aSharma R _9214902 |
||
| 245 | _aMegaliving: From The Monk Who Sold His Ferrari. | ||
| 260 |
_c2017 _bJaico Publishing House. _aDelhi |
||
| 300 | _a163p | ||
| 440 | _v1 | ||
| 500 | _aPersonality Development | ||
| 650 |
_aPersonality Development _9213420 |
||
| 700 |
_aSharma R _9214902 |
||
| 906 | _b29 | ||
| 942 | _cBK | ||
| 999 |
_c95534 _d95534 |
||